Normal view
MARC view
Entry Topical Term
001 - CONTROL NUMBER
- control field: 3253
003 - CONTROL NUMBER IDENTIFIER
- control field: BD-RjUL
005 - DATE AND TIME OF LATEST TRANSACTION
- control field: 20220529160800.0
008 - FIXED-LENGTH DATA ELEMENTS
- fixed length control field: 220529|| aca||aabn | a|a d
040 ## - CATALOGING SOURCE
- Original cataloging agency: BD-RjUL
- Transcribing agency: BD-RjUL
150 ## - HEADING--TOPICAL TERM
- Topical term or geographic name entry element: Redioisotope therapy
- Form subdivision: Early Detection
670 ## - SOURCE DATA FOUND
- Source citation: Work cat.: (BD-RjUL)79870: Matin, Md. Abdul 3252, Early Detection of Peripheral Vascolar Disease Using Radioisotope Technique /, 2006